| 000 | 01047nam a2200265Ia 4500 | ||
|---|---|---|---|
| 003 | OSt | ||
| 005 | 20221005105143.0 | ||
| 006 | a|||||r|||| 00| 0 | ||
| 007 | ta | ||
| 008 | 221004b |||||||| |||| 00| 0 hin d | ||
| 020 |
_a97808179751985 (hbk) _c250 |
||
| 024 | _a90655 | ||
| 037 |
_b461, 24/03/2008, Swaraj Prakashan _cTextual |
||
| 040 |
_aCRL _cCRL _bhin |
||
| 041 |
_2hin _ahin |
||
| 082 | _aV247:P1, 152P8 | ||
| 100 | _aगुप्त, विजय | ||
| 245 | 0 |
_aखोया हुआ कश्मीर _b इतिहास के दर्पण में |
|
| 246 | _aKhoyā huā kashmīra: itihās ke darpaṇ mean | ||
| 260 |
_aनई दिल्ली _bअनामिका पब्लिशर्स एंड डिस्ट्रीब्यूटर्स भारत _c2008 |
||
| 300 |
_a187पृ0 _ccm. |
||
| 650 | _aविश्व-इतिहास | ||
| 942 |
_hV247:P1, 152P8 _cTEXL _2cc |
||
| 999 |
_c1014949 _d1014949 |
||